Glossographia, or, A dictionary, interpreting all such hard words, whether Hebrew, Greek, Latin, Italian, Spanish, French, Teutonick, Belgick, British or Saxon, as are now used in our refined English tongue : also the terms of divinity, law, physick, mathematicks, heraldry, anatomy, war, musick, architecture, and of several other arts and sciences explicated : with etymologies, definitions, and historical observations on the same ... /

Bibliographic Details
Main Author: Blount, Thomas, 1618-1679
Format: Microform Book
Language:English
Series:Early English books, 1641-1700 ; 122:16.
Subjects:

MARC

Tag First Indicator Second Indicator Subfields
LEADER 00000cam a2200000 a 4500
001 in00000963413
005 20150927073322.0
007 hd afv|||baca
008 850624s1656 miu a 00010 eng d
035 |a (OCoLC)12191216 
035 |9 AEV2947AM 
037 |a CL0037000004  |b UMI 
037 |b University Microfilms International, 300 N. Zeeb Rd., Ann Arbor, MI 48106 
040 |a EAA  |c EAA  |d m/c  |d UtOrBLW 
049 |a TXAI 
099 |a film   |a  B   |a  3609 
100 1 |a Blount, Thomas,  |d 1618-1679. 
245 1 0 |a Glossographia, or, A dictionary, interpreting all such hard words, whether Hebrew, Greek, Latin, Italian, Spanish, French, Teutonick, Belgick, British or Saxon, as are now used in our refined English tongue :  |b also the terms of divinity, law, physick, mathematicks, heraldry, anatomy, war, musick, architecture, and of several other arts and sciences explicated : with etymologies, definitions, and historical observations on the same ... /  |c by T.B. of the Inner-Temple, Barrester. 
264 3 |a London :  |b Printed by Tho. Newcomb, and are to be sold by Humphrey Moseley ... and George Sawbridge ...,  |c 1656. 
300 |a 688 unnumbered pages 
336 |a text  |b txt  |2 rdacontent 
337 |a microform  |b h  |2 rdamedia 
338 |a microfilm reel  |b hd  |2 rdacarrier 
500 |a Reproduction of original in Huntington Library. 
510 4 |a Wing  |c B3334 
533 |a Microfilm.  |b Ann Arbor, Mich. :  |c University Microfilms,  |d 1964.  |e 1 microfilm reel ; 35 mm.  |f (Early English books, 1641-1700 ; 122:16) 
500 |a Microform. 
650 0 |a English language  |v Dictionaries  |v Early works to 1700. 
650 0 |a English language  |x Foreign words and phrases  |v Dictionaries. 
740 2 |a A dictionary, interpreting all such hard words ... as are now used in our refined English tongue. 
830 0 |a Early English books, 1641-1700 ;  |v 122:16. 
999 |a MARS 
999 f f |s 340742e0-9734-3c2f-a3ee-1d0f31e9e1eb  |i cbece04a-b911-3aa7-9f96-85cf9371d687  |t 0 
952 f f |p default  |a Texas A&M University  |b College Station  |c Sterling C. Evans Library  |d Evans: Microforms (3rd floor)  |t 0  |e film B 3609 122:16  |h Other scheme  |i microform -- microfilm reel 
998 f f |a film B 3609 122:16  |t 0  |l Evans: Microforms (3rd floor)